Fact and Fiction (Record no. 353018)
[ view plain ]
| 000 -LEADER | |
|---|---|
| fixed length control field | 00680nam a2200121Ia 4500 |
| 008 - FIXED-LENGTH DATA ELEMENTS--GENERAL INFORMATION | |
| fixed length control field | 171212s9999 xx 000 0 und d |
| 020 ## - INTERNATIONAL STANDARD BOOK NUMBER | |
| International Standard Book Number | 9781442645981 |
| 245 ## - TITLE STATEMENT | |
| Statement of responsibility, etc | editor Lehleiter, Christine |
| Title | Fact and Fiction |
| Remainder of title | Literary and Scientific Cultures in Germany and Britain |
| 260 ## - PUBLICATION, DISTRIBUTION, ETC. (IMPRINT) | |
| Name of publisher, distributor, etc | University of Toronto Press |
| Date of publication, distribution, etc | 2016 |
| 650 ## - SUBJECT ADDED ENTRY--TOPICAL TERM | |
| Topical term or geographic name as entry element | German literature -- 18th century -- History and criticism; English literature -- 18th century -- History and criticism; Literature and science -- Germany -- History -- 18th century; Literature and science -- Great Britain -- History -- 18th century; Scie |
| 650 ## - SUBJECT ADDED ENTRY--TOPICAL TERM | |
| Topical term or geographic name as entry element | Language & Literature |
| 856 ## - ELECTRONIC LOCATION AND ACCESS | |
| Uniform Resource Identifier | <a href="http://jstor.org/stable/10.3138/j.ctt1kk65r7">http://jstor.org/stable/10.3138/j.ctt1kk65r7</a> |
| Withdrawn status | Lost status | Damaged status | Home library | Current library | Date acquired | Total Checkouts | Full call number | Date last seen | Price effective from | Koha item type |
|---|---|---|---|---|---|---|---|---|---|---|
| College Library | College Library | 12/12/2017 | PT148.S3 | 12/12/2017 | 12/12/2017 | Curriculum - Based eBooks |